North-south gap hits commercial property (Record no. 62143)

MARC details
000 -LEADER
fixed length control field 00988cam a2200229 4500
001 - CONTROL NUMBER
control field WB3601-09
008 - FIXED-LENGTH DATA ELEMENTS--GENERAL INFORMATION
fixed length control field 000000n2000 000 0 eng u
035 ## - SYSTEM CONTROL NUMBER
System control number (Sirsi) u103428
245 ## - TITLE STATEMENT
Title North-south gap hits commercial property
260 ## - PUBLICATION, DISTRIBUTION, ETC.
Date of publication, distribution, etc. 2000
490 ## - SERIES STATEMENT
Series statement Independent
Volume/sequential designation 6 January 2000, 19
490 ## - SERIES STATEMENT
Series statement Times
Volume/sequential designation 6 January 2000, 32(1)
520 ## - SUMMARY, ETC.
Summary, etc. GVA Grimley's "Survey of property trends" for the CBI showed that a fifth of the firms surveyed had increased their property holdings in the second half of 1999 compared to a tenth in the previous six months. However growth in the north, Scotland and Northern Ireland was significantly lower than that in the South and Midlands. Demand for retail property was the highest.
590 ## - LOCAL NOTE (RLIN)
Local note WB
650 ## - SUBJECT ADDED ENTRY--TOPICAL TERM
Topical term or geographic name entry element PROPERTY PORTFOLIOS
650 ## - SUBJECT ADDED ENTRY--TOPICAL TERM
Topical term or geographic name entry element PROPERTY HOLDINGS
650 ## - SUBJECT ADDED ENTRY--TOPICAL TERM
Topical term or geographic name entry element ECONOMIC GROWTH
650 ## - SUBJECT ADDED ENTRY--TOPICAL TERM
Topical term or geographic name entry element NORTH SOUTH DIVIDE
650 ## - SUBJECT ADDED ENTRY--TOPICAL TERM
Topical term or geographic name entry element CBI
690 ## - LOCAL SUBJECT ADDED ENTRY--TOPICAL TERM (OCLC, RLIN)
Topical term or geographic name as entry element PROPERTY-COMMERCIAL PROPERTY-COMMERCIAL PROPERTY MARKET
942 ## - ADDED ENTRY ELEMENTS (KOHA)
Suppress in OPAC 0
Holdings
Withdrawn status Lost status Source of classification or shelving scheme Damaged status Not for loan Home library Current library Shelving location Date acquired Total Checkouts Full call number Barcode Date last seen Copy number Price effective from Koha item type
    Dewey Decimal Classification     London London News article 06/01/2000   WB3601-09 103428-1001 06/08/2019 1 06/08/2019 News article